000
00320nam a2200121Ia 4500
008
151213s9999 xx 000 0 und d
245
_a
International Members & Marketing Service Guide
260
_b
American Marketing Assciation
_c
1999
300
_a
2995 p.
650
_a
Marketing
650
_a
Marketing
999
_c
2082
_d
2082